[Event "Titled Tuesday intern op 28th Dec"]
[Site "Chess.com INT"]
[Date "2021.12.28"]
[Round "5"]
[White "Stoyanov, Tsvetan"]
[Black "Maly, Alexey"]
[Result "1/2-1/2"]
[WhiteElo "2424"]
[BlackElo "2368"]
[PlyCount "94"]
[EventDate "2021.12.28"]
[EventType "swiss (blitz)"]
[EventRounds "11"]
[EventCountry "USA"]
[SourceTitle "CBM 206 Extra"]
[Source "ChessBase"]
[SourceDate "2022.03.31"]
[SourceVersion "1"]
[SourceVersionDate "2022.03.31"]
[SourceQuality "1"]

1. e4 c6 2. c4 d5 3. exd5 cxd5 4. cxd5 Nf6 5. Bb5+ Nbd7 6. Nf3 g6 7. O-O Bg7 8. d6 e6 9. d4 O-O 10. Nc3 a6 11. Bd3 b5 12. a4 b4 13. Ne4 Bb7 14. Nc5 Qb6 15. a5 Qa7 16. Nxb7 Qxb7 17. Ne5 Rfd8 18. Qe2 Nd5 19. Re1 N7f6 20. Nc4 Ne8 21. Bg5 Rd7 22. Be4 Nxd6 23. Bxd5 Qxd5 24. Nb6 Qxg5 25. Nxd7 Nf5 26. Rad1 Rd8 27. Nb6 Nh4 28. g3 Bxd4 29. Qe4 Qxa5 30. Nc4 Qc5 31. Qxh4 Rd5 32. Ne3 Bxe3 33. Rxd5 Bxf2+ 34. Kf1 exd5 35. Re8+ Kg7 36. Qd8 h5 37. Rg8+ Kh7 38. Rh8+ Kg7 39. Qg8+ Kf6 40. Rh7 Qc1+ 41. Kxf2 Qxb2+ 42. Kf3 Qc3+ 43. Kg2 Qc2+ 44. Kh3 Qf5+ 45. Kg2 Qc2+ 46. Kh3 Qf5+ 47. Kg2 Qc2+ 1/2-1/2

[Event "Titled Tuesday intern op 28th Dec"]
[Site "Chess.com INT"]
[Date "2021.12.28"]
[Round "5"]
[White "Svane, Frederik"]
[Black "Panesar, Vedant"]
[Result "1-0"]
[WhiteElo "2493"]
[BlackElo "2379"]
[PlyCount "69"]
[EventDate "2021.12.28"]
[EventType "swiss (blitz)"]
[EventRounds "11"]
[EventCountry "USA"]
[SourceTitle "CBM 206 Extra"]
[Source "ChessBase"]
[SourceDate "2022.03.31"]
[SourceVersion "1"]
[SourceVersionDate "2022.03.31"]
[SourceQuality "1"]

1. e4 c5 2. Nf3 d6 3. d4 cxd4 4. Nxd4 Nf6 5. Nc3 g6 6. Be2 Bg7 7. O-O O-O 8. Re1 Nc6 9. Bf1 Bd7 10. Nb3 a6 11. a4 Rc8 12. Nd5 Be6 13. c3 Re8 14. Bg5 Bxd5 15. exd5 Ne5 16. a5 Nc4 17. Qc2 Qc7 18. Ra4 b5 19. axb6 Nxb6 20. Rxa6 Nfxd5 21. Qd2 e6 22. Nd4 Ra8 23. Rea1 Qb7 24. h3 Nc7 25. Rxa8 Rxa8 26. Rxa8+ Qxa8 27. Nf3 Qd5 28. Qf4 Qd1 29. Be7 Ne8 30. Qb4 Nd5 31. Qb8 Nxe7 32. Qxe8+ Bf8 33. Ng5 Kg7 34. Qxf7+ Kh6 35. Nxe6 1-0

[Event "Titled Tuesday intern op 28th Dec"]
[Site "Chess.com INT"]
[Date "2021.12.28"]
[Round "5"]
[White "Sztokbant, Bernardo Vainzoff"]
[Black "Harshavardhan, GB."]
[Result "0-1"]
[WhiteElo "2194"]
[BlackElo "2397"]
[PlyCount "44"]
[EventDate "2021.12.28"]
[EventType "swiss (blitz)"]
[EventRounds "11"]
[EventCountry "USA"]
[SourceTitle "CBM 206 Extra"]
[Source "ChessBase"]
[SourceDate "2022.03.31"]
[SourceVersion "1"]
[SourceVersionDate "2022.03.31"]
[SourceQuality "1"]

1. e4 e5 2. Nf3 Nc6 3. Bb5 a6 4. Ba4 d6 5. O-O Bg4 6. c3 Qf6 7. d3 Nge7 8. Nbd2 Ng6 9. Re1 Nf4 10. Bc2 Qg6 11. g3 Be7 12. Kh1 Nh3 13. Qe2 Qh5 14. Qe3 O-O 15. Kg2 f5 16. exf5 Bxf5 17. Bd1 Bg4 18. Rf1 Rf7 19. Ng1 Bg5 20. Bxg4 Qxg4 21. Qe2 Nf4+ 22. Kh1 Nxe2 0-1

[Event "Titled Tuesday intern op 28th Dec"]
[Site "Chess.com INT"]
[Date "2021.12.28"]
[Round "5"]
[White "Tanenbaum, Zachary Chen"]
[Black "Dauner, Benedikt"]
[Result "1-0"]
[WhiteElo "2146"]
[BlackElo "2331"]
[PlyCount "133"]
[EventDate "2021.12.28"]
[EventType "swiss (blitz)"]
[EventRounds "11"]
[EventCountry "USA"]
[SourceTitle "CBM 206 Extra"]
[Source "ChessBase"]
[SourceDate "2022.03.31"]
[SourceVersion "1"]
[SourceVersionDate "2022.03.31"]
[SourceQuality "1"]

1. e4 c6 2. d4 d5 3. exd5 cxd5 4. Bd3 Nf6 5. c3 Bg4 6. Qb3 Qc7 7. Bg5 e6 8. Nd2 Be7 9. Ngf3 O-O 10. Bh4 Nc6 11. Bg3 Qd7 12. O-O a6 13. Qc2 Rfc8 14. Ne5 Qe8 15. Nxg4 Nxg4 16. Bxh7+ Kh8 17. Bd3 Nb4 18. Qb1 Nxd3 19. Qxd3 Nf6 20. a4 b5 21. axb5 axb5 22. Nf3 Ne4 23. Ne5 f6 24. Nf3 Rxa1 25. Rxa1 Ra8 26. Re1 Ra2 27. Nd2 f5 28. Nxe4 dxe4 29. Qd2 Qc6 30. Be5 Kg8 31. h3 Qc4 32. Re3 Ra1+ 33. Kh2 Qf1 34. Kg3 Bg5 35. d5 Rd1 36. Re1 Rxd2 37. Rxf1 Rxd5 38. Bd4 Bf6 39. Bxf6 gxf6 40. Ra1 Rd3+ 41. f3 exf3 42. gxf3 Kg7 43. Ra6 e5 44. Rb6 Rd5 45. Kf2 Kg6 46. Ke3 f4+ 47. Ke4 Rd2 48. Rxb5 Re2+ 49. Kd5 Re3 50. c4 Rxf3 51. c5 Rd3+ 52. Kc4 Rd1 53. c6 f3 54. Rb3 Rc1+ 55. Kd5 f2 56. Rg3+ Kf5 57. Rf3+ Kg5 58. Rxf2 f5 59. Kxe5 Rc5+ 60. Kd6 Rc1 61. c7 f4 62. Kd7 Rd1+ 63. Kc6 Rc1+ 64. Kb7 Rf1 65. Rxf1 f3 66. c8=Q Kh4 67. Qg4# 1-0

[Event "Titled Tuesday intern op 28th Dec"]
[Site "Chess.com INT"]
[Date "2021.12.28"]
[Round "5"]
[White "Terletsky, Oleg"]
[Black "Botea, David Alexandru"]
[Result "0-1"]
[WhiteElo "2154"]
[BlackElo "1909"]
[PlyCount "108"]
[EventDate "2021.12.28"]
[EventType "swiss (blitz)"]
[EventRounds "11"]
[EventCountry "USA"]
[SourceTitle "CBM 206 Extra"]
[Source "ChessBase"]
[SourceDate "2022.03.31"]
[SourceVersion "1"]
[SourceVersionDate "2022.03.31"]
[SourceQuality "1"]

1. e4 e6 2. d4 d5 3. Nd2 c5 4. Ngf3 Nc6 5. exd5 exd5 6. Bb5 Qe7+ 7. Be2 Qc7 8. O-O Nf6 9. Re1 cxd4 10. Nb3 Bb4 11. c3 dxc3 12. bxc3 Bxc3 13. Ba3 Bxe1 14. Qxe1 Be6 15. Rb1 Ne4 16. Nfd4 Nxd4 17. Nxd4 Qc3 18. Nb5 Qxe1+ 19. Rxe1 Kd7 20. f3 Nf6 21. Nd6 a6 22. Nxb7 Rhc8 23. Nc5+ Kd8 24. Bb4 a5 25. Bxa5+ Ke7 26. Bb4 Kd8 27. a3 Nd7 28. Nb7+ Kc7 29. Nd6 Rcb8 30. Bb5 Rb6 31. Rc1+ Kd8 32. a4 Ne5 33. Bc5 Rxb5 34. axb5 Nd3 35. Bb6+ Kd7 36. Rc6 Nb4 37. Rc7+ Kxd6 38. Rb7 Ra1+ 39. Kf2 Nd3+ 40. Kg3 Bf5 41. Bc7+ Ke6 42. Bf4 Nxf4 43. Kxf4 Rb1 44. Rb6+ Ke7 45. g4 Be6 46. Rb7+ Kd6 47. Rb6+ Kc5 48. Rb8 Rxb5 49. Rg8 Kd4 50. Rd8 Rb2 51. h4 Rh2 52. h5 Rh4 53. Kg5 Rh1 54. f4 h6# 0-1

[Event "Titled Tuesday intern op 28th Dec"]
[Site "Chess.com INT"]
[Date "2021.12.28"]
[Round "5"]
[White "Tsukerman, Julia"]
[Black "Roebers, Jan"]
[Result "0-1"]
[WhiteElo "1523"]
[BlackElo "2154"]
[PlyCount "60"]
[EventDate "2021.12.28"]
[EventType "swiss (blitz)"]
[EventRounds "11"]
[EventCountry "USA"]
[SourceTitle "CBM 206 Extra"]
[Source "ChessBase"]
[SourceDate "2022.03.31"]
[SourceVersion "1"]
[SourceVersionDate "2022.03.31"]
[SourceQuality "1"]

1. e4 e5 2. Nf3 Nc6 3. Bb5 a6 4. Ba4 Nf6 5. d3 b5 6. Bb3 Be7 7. O-O O-O 8. c3 d5 9. exd5 Nxd5 10. Re1 Nf4 11. d4 Ng6 12. d5 Na5 13. Nxe5 Nxe5 14. Rxe5 Nxb3 15. Qxb3 Bd6 16. Re1 Qh4 17. g3 Qh5 18. Qc2 Bf5 19. Qe2 Bg4 20. Qd3 Rae8 21. Rxe8 Rxe8 22. Be3 Be2 23. Qd4 Bf3 24. Nd2 Bxd5 25. a4 Bc6 26. Qd3 Re5 27. Qf1 Rd5 28. Ne4 h6 29. Nxd6 Rxd6 30. Bf4 Qf3 0-1

[Event "Titled Tuesday intern op 28th Dec"]
[Site "Chess.com INT"]
[Date "2021.12.28"]
[Round "5"]
[White "Tsydypov, Zhamsaran"]
[Black "Gelman, Alexander"]
[Result "1-0"]
[WhiteElo "2526"]
[BlackElo "2403"]
[PlyCount "87"]
[EventDate "2021.12.28"]
[EventType "swiss (blitz)"]
[EventRounds "11"]
[EventCountry "USA"]
[SourceTitle "CBM 206 Extra"]
[Source "ChessBase"]
[SourceDate "2022.03.31"]
[SourceVersion "1"]
[SourceVersionDate "2022.03.31"]
[SourceQuality "1"]

1. e4 c5 2. Nf3 e6 3. d4 cxd4 4. Nxd4 d6 5. Nc3 a6 6. g4 b5 7. Bg2 Bb7 8. Be3 h6 9. a3 Ne7 10. Qe2 Nbc6 11. Nb3 Ne5 12. O-O-O Qc7 13. f4 Nc4 14. Rd3 Ng6 15. f5 Nge5 16. Nd4 Nxd3+ 17. Qxd3 Nxe3 18. Qxe3 e5 19. Nf3 Rc8 20. h4 a5 21. Qd3 b4 22. Nb5 Qc4 23. Qxc4 Rxc4 24. Nd2 Rc5 25. a4 Be7 26. Nb3 Rc8 27. Nxa5 Ba8 28. Rd1 O-O 29. Nxd6 Rcd8 30. Nac4 Bxh4 31. Nxe5 Bg3 32. Nec4 Rd7 33. Rd3 Rfd8 34. Rxg3 Rxd6 35. Nxd6 Rxd6 36. e5 Ra6 37. Bxa8 Rxa8 38. Rd3 Rxa4 39. Rd8+ Kh7 40. Rd4 Ra5 41. Re4 Kg8 42. Kd2 Kf8 43. Kd3 Ke7 44. Rxb4 1-0

[Event "Titled Tuesday intern op 28th Dec"]
[Site "Chess.com INT"]
[Date "2021.12.28"]
[Round "5"]
[White "Urazayev, Arystanbek"]
[Black "Matinian, Nikita"]
[Result "1-0"]
[WhiteElo "2437"]
[BlackElo "2454"]
[PlyCount "61"]
[EventDate "2021.12.28"]
[EventType "swiss (blitz)"]
[EventRounds "11"]
[EventCountry "USA"]
[SourceTitle "CBM 206 Extra"]
[Source "ChessBase"]
[SourceDate "2022.03.31"]
[SourceVersion "1"]
[SourceVersionDate "2022.03.31"]
[SourceQuality "1"]

1. Nf3 Nf6 2. g3 b5 3. Bg2 Bb7 4. O-O e6 5. Na3 Bxa3 6. bxa3 c5 7. Rb1 Bc6 8. d4 cxd4 9. Qxd4 O-O 10. a4 bxa4 11. Ba3 Re8 12. Bd6 Bd5 13. c4 Nc6 14. Qh4 Be4 15. Rb5 h6 16. Rd1 Rc8 17. Qf4 Ne7 18. Ne5 Bxg2 19. Kxg2 Nf5 20. Rb7 a6 21. Qf3 Nxd6 22. Rxd6 Rc7 23. Rxa6 Qc8 24. Rbb6 Rd8 25. Rxa4 Rc5 26. Rba6 d5 27. cxd5 Rcxd5 28. Nc6 Kh7 29. Nxd8 Qxd8 30. Ra7 Kg8 31. Ra8 1-0

[Event "Titled Tuesday intern op 28th Dec"]
[Site "Chess.com INT"]
[Date "2021.12.28"]
[Round "5"]
[White "Visakh, Narayanan Rajeswari"]
[Black "Koellner, Ruben Gideon"]
[Result "1-0"]
[WhiteElo "2515"]
[BlackElo "2428"]
[PlyCount "135"]
[EventDate "2021.12.28"]
[EventType "swiss (blitz)"]
[EventRounds "11"]
[EventCountry "USA"]
[SourceTitle "CBM 206 Extra"]
[Source "ChessBase"]
[SourceDate "2022.03.31"]
[SourceVersion "1"]
[SourceVersionDate "2022.03.31"]
[SourceQuality "1"]

1. Nf3 d6 2. c4 e5 3. Nc3 Nc6 4. d4 exd4 5. Nxd4 Nxd4 6. Qxd4 Nf6 7. g3 Be7 8. Bg2 O-O 9. O-O a6 10. b3 Nd7 11. Bb2 Bf6 12. Qd2 Nc5 13. Rfe1 a5 14. Rad1 Bd7 15. Nd5 Bxb2 16. Qxb2 Bc6 17. h4 Re8 18. Rd4 Bxd5 19. Rxd5 Qf6 20. Qxf6 gxf6 21. e3 Re5 22. Red1 Kf8 23. R5d4 h6 24. Kf1 Ra7 25. Ke2 Ne6 26. R4d2 Nc5 27. Rd4 Ne6 28. R4d2 Nc5 29. Rb1 Ne4 30. Bxe4 Rxe4 31. Rd5 Re5 32. Rbd1 b6 33. f4 Rxd5 34. cxd5 Ke7 35. e4 Ra8 36. Rc1 Kd7 37. Kf3 Rg8 38. g4 Rh8 39. Rh1 Rg8 40. Rg1 Rg7 41. g5 fxg5 42. fxg5 hxg5 43. Rxg5 Rxg5 44. hxg5 Ke8 45. Kf4 b5 46. Kf5 Ke7 47. a3 Ke8 48. e5 dxe5 49. Kxe5 Ke7 50. Kf5 Ke8 51. Ke4 Kd7 52. Kd3 Ke7 53. Ke3 Kd7 54. Ke4 Ke7 55. Ke5 Kd7 56. a4 bxa4 57. bxa4 Ke7 58. Ke4 Kd7 59. Kd3 Ke7 60. Kc4 Kd6 61. Kd4 Ke7 62. Kc5 Kd7 63. Kb5 Kd6 64. Kxa5 Kxd5 65. Kb5 c6+ 66. Kb4 Kd4 67. Kb3 c5 68. a5 1-0

[Event "Titled Tuesday intern op 28th Dec"]
[Site "Chess.com INT"]
[Date "2021.12.28"]
[Round "5"]
[White "Viskelis, Darius"]
[Black "Politov, Pavel Y"]
[Result "1-0"]
[WhiteElo "2200"]
[BlackElo "2190"]
[PlyCount "149"]
[EventDate "2021.12.28"]
[EventType "swiss (blitz)"]
[EventRounds "11"]
[EventCountry "USA"]
[SourceTitle "CBM 206 Extra"]
[Source "ChessBase"]
[SourceDate "2022.03.31"]
[SourceVersion "1"]
[SourceVersionDate "2022.03.31"]
[SourceQuality "1"]

1. e4 c5 2. d4 cxd4 3. c3 dxc3 4. Bc4 cxb2 5. Bxb2 e6 6. Nf3 Nf6 7. e5 Ne4 8. O-O Bc5 9. Qd3 Nxf2 10. Rxf2 Bxf2+ 11. Kxf2 Nc6 12. Nbd2 Qb6+ 13. Bd4 Nxd4 14. Qxd4 Qxd4+ 15. Nxd4 Ke7 16. Ne4 a6 17. a4 Rb8 18. Ke3 f6 19. exf6+ gxf6 20. Ba2 b5 21. a5 Rg8 22. g3 Bb7 23. Nc5 Rgc8 24. Nxb7 Rxb7 25. Kd3 Rbc7 26. Re1 Rc3+ 27. Kd2 Ra3 28. Bb1 Rxa5 29. Nf5+ Kf8 30. Nd6 Rc6 31. Ne4 f5 32. Nf6 Rd6+ 33. Kc1 Kg7 34. Ne8+ Kf8 35. Nxd6 Ra3 36. Rd1 Rc3+ 37. Bc2 b4 38. Kb2 a5 39. Rd3 Rxd3 40. Bxd3 Ke7 41. Nb7 a4 42. Nc5 a3+ 43. Kb3 d6 44. Na6 Kf6 45. Nxb4 e5 46. Kxa3 e4 47. Be2 Ke5 48. Kb3 Kd4 49. Nc2+ Kc5 50. Kc3 d5 51. Nd4 Kd6 52. Nxf5+ Ke5 53. Nd4 h5 54. h3 h4 55. gxh4 Kf6 56. h5 Kg5 57. Kd2 Kh6 58. Ke3 Kg5 59. h4+ Kh6 60. Kf4 Kg7 61. Nf5+ Kh7 62. Ke5 Kg8 63. Kxd5 Kh7 64. Kxe4 Kg8 65. Kf4 Kh7 66. Kg5 Kg8 67. h6 Kh8 68. Kg6 Kg8 69. Nd6 Kh8 70. Nf7+ Kg8 71. h7+ Kf8 72. h8=Q+ Ke7 73. Qf6+ Kf8 74. Qd6+ Ke8 75. Qd8# 1-0

[Event "Titled Tuesday intern op 28th Dec"]
[Site "Chess.com INT"]
[Date "2021.12.28"]
[Round "5"]
[White "Vusatiuk, Vladimir"]
[Black "Goltsev, Dmitry"]
[Result "0-1"]
[WhiteElo "2307"]
[BlackElo "2215"]
[PlyCount "100"]
[EventDate "2021.12.28"]
[EventType "swiss (blitz)"]
[EventRounds "11"]
[EventCountry "USA"]
[SourceTitle "CBM 206 Extra"]
[Source "ChessBase"]
[SourceDate "2022.03.31"]
[SourceVersion "1"]
[SourceVersionDate "2022.03.31"]
[SourceQuality "1"]

1. d4 Nf6 2. c4 e6 3. Nc3 d5 4. cxd5 exd5 5. Bg5 c6 6. e3 Be7 7. Bd3 h6 8. Bh4 Nbd7 9. Nf3 Nf8 10. Qc2 Bg4 11. Ne5 Bh5 12. f3 N6d7 13. Bg3 Nxe5 14. Bxe5 Bf6 15. Bxf6 Qxf6 16. O-O Bg6 17. Rad1 Bxd3 18. Qxd3 Ne6 19. e4 O-O-O 20. e5 Qg5 21. g3 h5 22. f4 Qh6 23. f5 Ng5 24. h4 Nh7 25. Qd2 g5 26. fxg6 Qxg6 27. Rf3 Qg4 28. Qf4 Qh3 29. Qf5+ Qxf5 30. Rxf5 Rdg8 31. Kh2 Rg7 32. Rxh5 Rhg8 33. Rf1 Nf8 34. Ne2 Kd7 35. Rf6 Ne6 36. Rhf5 Ke7 37. h5 b6 38. Kh3 c5 39. h6 Rh7 40. g4 cxd4 41. Rf3 Ng5+ 42. Kg3 Nxf3 43. Kxf3 Rg6 44. Rxg6 fxg6 45. g5 Ke6 46. Nf4+ Kf5 47. e6 d3 48. Nxd3 Kxe6 49. Nf4+ Kf5 50. Nxd5 Kxg5 0-1

[Event "Titled Tuesday intern op 28th Dec"]
[Site "Chess.com INT"]
[Date "2021.12.28"]
[Round "5"]
[White "Weishaeutel, Moritz"]
[Black "Zhou, Qiyu"]
[Result "1-0"]
[WhiteElo "2371"]
[BlackElo "2218"]
[PlyCount "113"]
[EventDate "2021.12.28"]
[EventType "swiss (blitz)"]
[EventRounds "11"]
[EventCountry "USA"]
[SourceTitle "CBM 206 Extra"]
[Source "ChessBase"]
[SourceDate "2022.03.31"]
[SourceVersion "1"]
[SourceVersionDate "2022.03.31"]
[SourceQuality "1"]

1. e4 e5 2. Nf3 Nc6 3. Nc3 Nf6 4. a3 Be7 5. d4 d6 6. dxe5 Nxe5 7. Nxe5 dxe5 8. Qxd8+ Kxd8 9. Bg5 c6 10. Bc4 Rf8 11. O-O-O+ Kc7 12. Rd2 h6 13. Bh4 Be6 14. Bxe6 fxe6 15. Bg3 Nd7 16. Rhd1 Rad8 17. Kb1 Bf6 18. Rd6 Rfe8 19. R6d3 Nc5 20. Rxd8 Rxd8 21. Rxd8 Kxd8 22. f3 b6 23. Nd1 Ke7 24. Ne3 g5 25. Ng4 h5 26. Nxe5 Bxe5 27. Bxe5 Nd7 28. Bd4 e5 29. Be3 Kf6 30. Kc1 Nf8 31. Kd2 Ne6 32. Kd3 Ke7 33. b4 Kd6 34. c4 Ke7 35. Ke2 Kf6 36. Kf2 Nd8 37. Kg3 Nf7 38. c5 b5 39. h4 gxh4+ 40. Kxh4 Kg6 41. g3 a6 42. f4 exf4 43. gxf4 Nd8 44. f5+ Kf7 45. Kxh5 Nb7 46. e5 a5 47. e6+ Ke8 48. f6 axb4 49. axb4 Nd8 50. f7+ Kf8 51. Bh6+ Ke7 52. f8=Q+ Kxe6 53. Qe8+ Kd5 54. Qxd8+ Kc4 55. Qd6 Kxb4 56. Qxc6 Kc4 57. Qb6 1-0

[Event "Titled Tuesday intern op 28th Dec"]
[Site "Chess.com INT"]
[Date "2021.12.28"]
[Round "5"]
[White "Yuan, Qingyu"]
[Black "Begunov, Konstantin"]
[Result "1-0"]
[WhiteElo "2373"]
[BlackElo "2325"]
[PlyCount "61"]
[EventDate "2021.12.28"]
[EventType "swiss (blitz)"]
[EventRounds "11"]
[EventCountry "USA"]
[SourceTitle "CBM 206 Extra"]
[Source "ChessBase"]
[SourceDate "2022.03.31"]
[SourceVersion "1"]
[SourceVersionDate "2022.03.31"]
[SourceQuality "1"]

1. Nf3 d5 2. g3 c6 3. Bg2 Bg4 4. h3 Bh5 5. O-O Nd7 6. b3 e5 7. d3 Bc5 8. Bb2 f6 9. d4 Bxf3 10. Bxf3 Bxd4 11. Bxd4 exd4 12. Qxd4 Ne5 13. Bg2 Qb6 14. Qf4 Ne7 15. Nd2 O-O 16. c4 N7g6 17. Qf5 d4 18. Ne4 Rad8 19. c5 Qb4 20. Rfd1 Rfe8 21. Rac1 Nf7 22. Rc4 Qa3 23. Rcxd4 Rxd4 24. Rxd4 Qxa2 25. Rd7 Qxb3 26. Kh2 Nge5 27. Rc7 Rd8 28. Nd6 Nxd6 29. cxd6 Rxd6 30. Qc8+ Rd8 31. Qxd8# 1-0

[Event "Titled Tuesday intern op 28th Dec"]
[Site "Chess.com INT"]
[Date "2021.12.28"]
[Round "5"]
[White "Zherebtsova, Alexandra"]
[Black "Shubenkova, Veronika"]
[Result "0-1"]
[WhiteElo "2182"]
[BlackElo "1762"]
[PlyCount "42"]
[EventDate "2021.12.28"]
[EventType "swiss (blitz)"]
[EventRounds "11"]
[EventCountry "USA"]
[SourceTitle "CBM 206 Extra"]
[Source "ChessBase"]
[SourceDate "2022.03.31"]
[SourceVersion "1"]
[SourceVersionDate "2022.03.31"]
[SourceQuality "1"]

1. d4 d5 2. Nf3 e6 3. c4 Nf6 4. e3 Ne4 5. Nbd2 f5 6. Bd3 c6 7. O-O Bd6 8. Rb1 Nd7 9. Qc2 O-O 10. b4 Rf6 11. b5 Rh6 12. Re1 g5 13. Nf1 g4 14. N3d2 Ng5 15. Nb3 Qe8 16. bxc6 bxc6 17. cxd5 exd5 18. Bxf5 Qh5 19. Bxd7 Bxh2+ 20. Nxh2 Qxh2+ 21. Kf1 Ba6+ 0-1

[Event "Titled Tuesday intern op 28th Dec"]
[Site "Chess.com INT"]
[Date "2021.12.28"]
[Round "5"]
[White "Zierk, Steven C"]
[Black "Alavkin, Arseny Nailievich"]
[Result "1/2-1/2"]
[WhiteElo "2488"]
[BlackElo "2373"]
[PlyCount "129"]
[EventDate "2021.12.28"]
[EventType "swiss (blitz)"]
[EventRounds "11"]
[EventCountry "USA"]
[SourceTitle "CBM 206 Extra"]
[Source "ChessBase"]
[SourceDate "2022.03.31"]
[SourceVersion "1"]
[SourceVersionDate "2022.03.31"]
[SourceQuality "1"]

1. b3 e5 2. Bb2 Nc6 3. c4 Nf6 4. e3 d5 5. cxd5 Nxd5 6. a3 Be6 7. Qc2 Qd7 8. Nf3 f6 9. b4 a6 10. b5 axb5 11. Bxb5 Ra5 12. Bxc6 Qxc6 13. Qxc6+ bxc6 14. d4 e4 15. Nfd2 f5 16. O-O Bd6 17. Nb3 Ra4 18. N1d2 Kf7 19. Rfc1 Rb8 20. Rxc6 Ne7 21. Rc3 Nd5 22. Rcc1 Ne7 23. Rc3 Nd5 24. Rc6 Nxe3 25. fxe3 Bxb3 26. g4 Bd5 27. Rc2 f4 28. exf4 e3 29. Nf1 Bxf4 30. Re1 Be4 31. Rce2 Bd3 32. Rg2 e2 33. Rgxe2 Bxe2 34. Rxe2 Rb3 35. Rf2 g5 36. Ng3 Ra6 37. Ne4 Rab6 38. Nxg5+ Kg6 39. Rxf4 Kxg5 40. Bc1 Rb1 41. Rf1+ Kxg4 42. Kg2 Ra1 43. h3+ Kh5 44. Rf5+ Kg6 45. Rg5+ Kf6 46. Bf4 Ra2+ 47. Kf3 Rb3+ 48. Ke4 Rxh3 49. Rc5 Re2+ 50. Kd5 Rh5+ 51. Kc6 Rxc5+ 52. dxc5 Ra2 53. Bxc7 Rxa3 54. Kd7 Ra7 55. c6 h5 56. Kd6 Ra6 57. Bd8+ Kf7 58. Kd7 Ra2 59. c7 Rd2+ 60. Kc6 Rc2+ 61. Kb7 Rb2+ 62. Ka7 Rc2 63. Kb7 Rxc7+ 64. Kxc7 h4 65. Bxh4 1/2-1/2

[Event "Titled Tuesday intern op 28th Dec"]
[Site "Chess.com INT"]
[Date "2021.12.28"]
[Round "6"]
[White "Agamaliev, Gamil"]
[Black "Weishaeutel, Moritz"]
[Result "0-1"]
[WhiteElo "2485"]
[BlackElo "2371"]
[PlyCount "74"]
[EventDate "2021.12.28"]
[EventType "swiss (blitz)"]
[EventRounds "11"]
[EventCountry "USA"]
[SourceTitle "CBM 206 Extra"]
[Source "ChessBase"]
[SourceDate "2022.03.31"]
[SourceVersion "1"]
[SourceVersionDate "2022.03.31"]
[SourceQuality "1"]

1. e4 e5 2. Nc3 Nc6 3. g3 Bc5 4. Bg2 d6 5. Nge2 f5 6. d3 Nf6 7. O-O O-O 8. Bg5 h6 9. Bxf6 Qxf6 10. Na4 Bb6 11. Nxb6 axb6 12. f4 exf4 13. Nxf4 Qxb2 14. Ng6 Rf6 15. exf5 Bxf5 16. Bxc6 Bxg6 17. Rxf6 Qxf6 18. Bxb7 Rf8 19. Be4 Qd4+ 20. Kh1 Bxe4+ 21. dxe4 Qxe4+ 22. Kg1 Qe3+ 23. Kh1 Rf2 24. Qd5+ Kh7 25. Qd3+ Qxd3 26. cxd3 Rd2 27. Rc1 c5 28. Rb1 Rxd3 29. Rxb6 c4 30. a4 d5 31. a5 Ra3 32. a6 c3 33. Kg2 d4 34. Kf2 d3 35. Ke3 d2 36. Rd6 Rxa6 37. Rd3 Ra1 0-1

[Event "Titled Tuesday intern op 28th Dec"]
[Site "Chess.com INT"]
[Date "2021.12.28"]
[Round "6"]
[White "Agasarov, Benik"]
[Black "Shubenkova, Veronika"]
[Result "0-1"]
[WhiteElo "2205"]
[BlackElo "1762"]
[PlyCount "146"]
[EventDate "2021.12.28"]
[EventType "swiss (blitz)"]
[EventRounds "11"]
[EventCountry "USA"]
[SourceTitle "CBM 206 Extra"]
[Source "ChessBase"]
[SourceDate "2022.03.31"]
[SourceVersion "1"]
[SourceVersionDate "2022.03.31"]
[SourceQuality "1"]

1. c4 e6 2. Nc3 d5 3. d4 f5 4. Nf3 Nf6 5. g3 c6 6. Bg2 Bd6 7. O-O O-O 8. Bf4 Qe7 9. Bxd6 Qxd6 10. c5 Qc7 11. Ne5 Nbd7 12. Nxd7 Bxd7 13. f4 b6 14. b4 bxc5 15. bxc5 Rfb8 16. Qc2 Rb7 17. e3 Rab8 18. Rfb1 Ng4 19. Nd1 Qa5 20. Rxb7 Qe1+ 21. Bf1 Rxb7 22. Qe2 Qa5 23. h3 Nf6 24. Nf2 Qc3 25. Qe1 Qa3 26. Bd3 Rb2 27. Qc1 Qb4 28. Rb1 Rxb1 29. Qxb1 Qd2 30. Nd1 Nh5 31. g4 Ng3 32. Qc2 Qe1+ 33. Kg2 h5 34. Nf2 h4 35. g5 Qxe3 36. g6 Be8 37. Qb3 Bxg6 38. Qb8+ Kh7 39. Qd8 Qxf4 40. Qd6 Qg5 41. Kh2 Ne4 42. Bxe4 fxe4 43. Ng4 Bf5 44. Qe5 Qd2+ 45. Kg1 Bxg4 46. hxg4 Qd1+ 47. Kf2 Qxg4 48. Qd6 Qg3+ 49. Qxg3 hxg3+ 50. Kxg3 Kg6 51. Kf4 Kf6 52. a4 g5+ 53. Kg4 a5 54. Kg3 Kf5 55. Kf2 Kf4 56. Ke2 g4 57. Kf2 g3+ 58. Kg2 Ke3 59. Kxg3 Kxd4 60. Kf4 Kxc5 61. Ke3 Kb4 62. Kd4 Kxa4 63. Kc5 Kb3 64. Kd4 a4 65. Ke3 a3 66. Kd2 a2 67. Ke3 a1=Q 68. Kf4 Qf6+ 69. Kg4 e3 70. Kg3 e2 71. Kh2 e1=Q 72. Kh3 Qfh4+ 73. Kg2 Qef2# 0-1

[Event "Titled Tuesday intern op 28th Dec"]
[Site "Chess.com INT"]
[Date "2021.12.28"]
[Round "6"]
[White "Alavkin, Arseny Nailievich"]
[Black "Xiong, Jeffery"]
[Result "0-1"]
[WhiteElo "2373"]
[BlackElo "2686"]
[PlyCount "127"]
[EventDate "2021.12.28"]
[EventType "swiss (blitz)"]
[EventRounds "11"]
[EventCountry "USA"]
[SourceTitle "CBM 206 Extra"]
[Source "ChessBase"]
[SourceDate "2022.03.31"]
[SourceVersion "1"]
[SourceVersionDate "2022.03.31"]
[SourceQuality "1"]

1. d4 Nf6 2. c4 g6 3. Nc3 d5 4. Nf3 Bg7 5. Bg5 Ne4 6. Bf4 Nxc3 7. bxc3 c5 8. cxd5 Qxd5 9. e3 O-O 10. Be2 cxd4 11. cxd4 Qa5+ 12. Qd2 Qxd2+ 13. Nxd2 Nc6 14. O-O Rd8 15. Nf3 Bf5 16. Rfc1 Rac8 17. a3 Na5 18. Bd1 b6 19. h3 h6 20. g4 Be4 21. Bg3 e6 22. Kf1 Bf8 23. a4 Bd5 24. Nd2 Bb4 25. Ke2 Bc3 26. Rab1 Ba2 27. Rb5 Bd5 28. Rbb1 Rc6 29. f3 Rdc8 30. Bf2 a6 31. Rc2 f5 32. gxf5 exf5 33. e4 Bxd2 34. Rxc6 Bxc6 35. Kxd2 fxe4 36. fxe4 Bxe4 37. Rb4 Bd5 38. Be2 Nb3+ 39. Kd3 a5 40. Rxb6 Bc4+ 41. Kc3 Bxe2+ 42. Kxb3 Bd1+ 43. Ka3 Rc3+ 44. Ka2 Kf7 45. Be1 Rxh3 46. Bxa5 Bxa4 47. d5 Rd3 48. Rb7+ Kf6 49. Rb6+ Kf5 50. Rd6 Bb3+ 51. Kb2 Rxd5 52. Ra6 Bc4 53. Ra7 h5 54. Bc3 g5 55. Rg7 h4 56. Kc2 h3 57. Bd2 Kg4 58. Kc3 Be2 59. Rh7 Rd3+ 60. Kc2 Rd5 61. Be3 Bd3+ 62. Kc3 Bxh7 63. Kc4 Be4 64. Kc3 0-1